000 00611nam a2200217Ia 4500
003 OSt
005 20230413104440.0
008 210423s2007 xx 000 0 und d
020 _a0-8261-0254-9
040 _cAL
041 _aeng
082 _a338.4703
_223
_bMARD
100 _aMARCINKO (David Edward)HETICO (Hope Rachel)
_987666
245 _aDictionary of health economics and finance
260 _aNew York
_bSpringer Pvt Ltd
_c2007
300 _axix,436
_bPB
365 _b5655
_cUSD
650 _aHealth Economics
_987667
906 _aDictionary ; economics ; finance ; health
942 _2ddc
_cBK
999 _c169868
_d169868